书目信息 |
| 题名: |
呼兰河传
|
|
| 作者: | 萧红 著 | |
| 分册: | ||
| 出版信息: | 长春 时代文艺出版社 2010.01 |
|
| 页数: | 178页 | |
| 开本: | 21cm | |
| 丛书名: | 教育部推荐学生必读丛书 | |
| 单 册: | ||
| 中图分类: | I246.5 | |
| 科图分类: | ||
| 主题词: | 长篇小说--chang pian xiao shuo--中国--现代--缩写本 | |
| 电子资源: | ||
| ISBN: | 978-7-5387-2893-4 | |
| 000 | 01043nam 2200265 450 | |
| 001 | 012010270171 | |
| 005 | 20101105150548.50 | |
| 010 | @a978-7-5387-2893-4@dCNY10.00 | |
| 100 | @a20101105d2010 em y0chiy0120 ea | |
| 101 | 0 | @achi |
| 102 | @aCN@b220000 | |
| 105 | @aac z 000ay | |
| 106 | @ar | |
| 200 | 1 | @a呼兰河传@Ahu lan he chuan@e导读彩插本@f萧红著@Fxiao hong zhu |
| 210 | @a长春@c时代文艺出版社@d2010.01 | |
| 215 | @a178页@c图, 肖像@d21cm | |
| 225 | 2 | @a教育部推荐学生必读丛书@Ajiao yu bu tui jian xue sheng bi du cong shu |
| 300 | @a阅读经典 励志中国 | |
| 330 | @a本书是小说《呼兰河传》的缩写本,讲述了一个生命本身的故事,它构成了人类生存方式以及人类集体性的大记忆的历史的一个缩影。作者现实生活的孤独凄苦再度给《呼兰河传》中的人物以诗化的美,心情平静地描述了河兰河小战的成人童话世界。 | |
| 410 | 0 | @12001 @a教育部推荐学生必读丛书 |
| 606 | 0 | @a长篇小说@Achang pian xiao shuo@y中国@z现代@j缩写本 |
| 690 | @aI246.5@v4 | |
| 701 | 0 | @a萧红@Axiao hong@4著 |
| 801 | 0 | @aCN@bQSSK@c20101105 |
| 905 | @b787683-85@dI246.5@eX311@f3 | |
| 呼兰河传:导读彩插本/萧红著.-长春:时代文艺出版社,2010.01 |
| 178页:图, 肖像;21cm.-(教育部推荐学生必读丛书) |
| 阅读经典 励志中国 |
| ISBN 978-7-5387-2893-4:CNY10.00 |
| 本书是小说《呼兰河传》的缩写本,讲述了一个生命本身的故事,它构成了人类生存方式以及人类集体性的大记忆的历史的一个缩影。作者现实生活的孤独凄苦再度给《呼兰河传》中的人物以诗化的美,心情平静地描述了河兰河小战的成人童话世界。 |
| ● |
| 相关链接 |
|
|
|
正题名:呼兰河传
索取号:I246.5/X311
 
预约/预借
| 序号 | 登录号 | 条形码 | 馆藏地/架位号 | 状态 | 备注 |
| 1 | 787683 | 207876832 | 社科二线422/422社科库 7排2列5层/ [索取号:I246.5/X311] | 在馆 | |
| 2 | 787684 | 207876841 | 社科二线400B/400B社科库 14排3列4层/ [索取号:I246.5/X311] | 在馆 | |
| 3 | 787685 | 207876850 | 社科二线400B/400B社科库 10排3列1层/ [索取号:I246.5/X311] | 在馆 |